El triciclo

Guardat en:
Dades bibliogràfiques
Autor principal: Arrabal, Fernando
Format: Llibre
Idioma:Undetermined
Publicat: Madrid, España Ediciones Alfil 1966
Matèries:
Etiquetes: Afegir etiqueta
Sense etiquetes, Sigues el primer a etiquetar aquest registre!

MARC

LEADER 00000nam a2200000Ia 4500
008 170316s9999 xx 000 0 und d
040 |a cru BVZT 
090 |a 862 A-35.1t 
100 |a Arrabal, Fernando 
245 |a El triciclo 
260 |a Madrid, España 
260 |b Ediciones Alfil 
260 |c 1966 
300 |a 62 páginas 
650 |a LITERATURA ESPAÑOLA 
650 |a OBRA DE TEATRO 
999 |c 9442  |d 9442 
942 |c 15 D  |h 862 A-35.1t  |2 z